Efektivní reklama: I při nízké pozornosti spotřebitelů

Zásadná úloha emócií v rozhodovacom procese. Rôzne metódy merania účinnosti reklamy. Krátka história merania účinkov reklamy. Presvedčovacia schopnosť reklamy. Pravdepodobnosť účinnosti reklamy. Najrozšírenejší model merania účinnosti reklamy - model AIDA ( attention - pozornosť, interest - záujem,...

Full description

Saved in:
Bibliographic Details
Main Author: Heath, Robert
Other Authors: Nairn, Agnes
Format: Book Chapter
Language:Czech
Subjects:
Tags: Add Tag
No Tags, Be the first to tag this record!

MARC

LEADER 00000naa$a2200000$$$4500
001 0056909
005 20231016105814.3
041 0 |a cze 
044 |a CZ 
245 1 0 |a Efektivní reklama: I při nízké pozornosti spotřebitelů  |c Robert Heath, Agnes Nairn 
520 |a Zásadná úloha emócií v rozhodovacom procese. Rôzne metódy merania účinnosti reklamy. Krátka história merania účinkov reklamy. Presvedčovacia schopnosť reklamy. Pravdepodobnosť účinnosti reklamy. Najrozšírenejší model merania účinnosti reklamy - model AIDA ( attention - pozornosť, interest - záujem, decision - rozhodnutie, action - akcia). Vybavenie si reklamy ako ďalšie hodnotiace merítko. 
610 2 0 |a reklama 
610 2 0 |a propagácia 
610 2 0 |a spotrebitelia 
610 2 0 |a rozhodovanie 
610 2 0 |a psychológia 
610 2 0 |a efektívnosť 
610 2 0 |a pravdepodobnosť 
100 1 |a Heath, Robert 
700 1 |a Nairn, Agnes